000 00848cam a22001814a 4500
005 20250605164402.0
008 250528s ||||||||||||||||||||||||d
035 _a24647
040 _aGR-AtMCL
_bgre
_dGR-AtMCL
_eAACR2
245 1 _aΗ Χρηματοοικονομική Γνώση Μέρος της 'Θεραπείας' κατά του Covid-19
260 _bMorax Media S.A,
_c2020
300 _a72
520 _aΠώς ο Covid-19 Άλλαξε τις Ασφάλειες, Η Τεχνολογία των Αποστάσεων σε Καιρό Πανδημίας, Ενέχει Κινδύνος η Αξιολόγηση από Απόσταση, Πώς και Πόσο 'Ψαλιδίζονται' οι Καλύψεις.
700 1 _aΜωράκης Φίλιππος
_99500
942 _cCR
999 _c9514
_d9514